| 000 | 00964nam a22003257a 4500 | ||
|---|---|---|---|
| 001 | BR9302114 | ||
| 003 | BR-BrBNA | ||
| 005 | 20230928093936.0 | ||
| 007 | ta | ||
| 008 | 230509b bl.||||| |||| 00| 0 por d | ||
| 040 |
_aBR-BrBNA _bpor _cBiblioteca Nacional de Agricultura |
||
| 041 | _a(Por) | ||
| 072 |
_aF30; F01; L02 _b0150 _b0120 _b1410 |
||
| 090 | _ 0150 BR9302114 | ||
| 110 | 1 |
_aUnidade de Execucao de Pesquisa de Ambito Territorial de Boa Vista, RR (Brasil) _910391 |
|
| 245 | 1 | _aRelatorio tecnico anual da Unidade de Execucao de Pesquisa de Ambito Territorial UEPAT de Boa Vista 1984 | |
| 260 | 3 |
_aBoa Vista, RR (Brasil): _c1987. |
|
| 300 | _a64 p. | ||
| 500 | _a52 tables | ||
| 650 | _aArroz | ||
| 650 | _aMilho | ||
| 650 | _aFeijao | ||
| 650 | _aPratica Cultural | ||
| 650 | _aAdubacao | ||
| 650 | _aFertilidade do Solo | ||
| 650 | _aPlanta Forrageira | ||
| 650 | _aVariedade | ||
| 909 |
_a202309 _bLucia _c55 _dLucia Elande |
||
| 942 | _cBK | ||
| 999 |
_c48028 _d48028 |
||